000 00809nam a2200265Ia 4500
003 OSt
005 20220928103900.0
006 a|||||r|||| 00| 0
007 ta
008 220927b |||||||| |||| 00| 0 hin d
020 _cINR 695.00
024 _a144562
037 _b10137, 13/03/2021, Rajkamal Prakashan Pvt.Ltd.
_cTextual
040 _aSDCL
_cSDCL
_bhin
041 _2hin
_ahin
082 _aY15, R0
100 _aPathak Pragya
_9407471
245 0 _aUma nehruaur striyon ke adhikar
260 _aNew Delhi
_bRajkamal Prakashan
_c2020
300 _a247p.
_ccm.
650 _aHindi
_9391598
700 _a Pathak Prajna Ed.
_9407472
942 _hY15, R0
_cTEXL
_2CC
999 _c722987
_d722987